Allgemeine Betriebswirtschaftslehre : Ein Grundriss mit einem Aufgabenanhang /

Saved in:
Bibliographic Details
Main Authors: Preitz, Otto (Author), Dahmen, Wolfgang (Author)
Format: Book
Language:German
Published: Bad Homburg von der Höhe : Verlag Dr.Max Gehlen, 1991
Edition:20.Aufl.
Subjects:
Tags: Add Tag
No Tags, Be the first to tag this record!

MARC

LEADER 00000nam a22000003a 4500
001 stu42373
005 20150617225720.4
008 940317s1991----gw------------------ger-d
020 |a 3-441-00703-4 
040 |a STU  |b slo 
041 0 |a ger 
044 |a gw 
080 |a 658 
100 1 |a Preitz, Otto  |4 aut 
245 1 |a Allgemeine Betriebswirtschaftslehre :  |b Ein Grundriss mit einem Aufgabenanhang /  |c [aut.]Otto Preitz, Wolfgang Dahmen 
250 |a 20.Aufl. 
260 |a Bad Homburg von der Höhe :  |b Verlag Dr.Max Gehlen,  |c 1991 
300 |a 372 s 
650 7 |a hospodárstvo podnikové  |2 stusub 
700 1 |a Dahmen, Wolfgang  |4 aut 
996 |b 284M030844  |c M*8509-1  |l MMKN  |s A  |a 24  |w stu42373_0001